000
00348nam a2200133Ia 4500
008
151001s9999||||xx |||||||||||||| ||und||
100
_a
कुश्नचंदर
245
_a
निंद क्यो नाही आती
250
_a
1
260
_b
हिंद एजन्सी
260
_c
1970
300
_a
152
365
_b
16
999
_c
961342
_d
961339